[Event "GRENKE Chess Open 2024"]
[Site "Karlsruhe"]
[Date "2024.03.28"]
[Round "1.22"]
[White "Muradli, Mahammad"]
[Black "Kull, Florian"]
[Result "1-0"]
[WhiteElo "2555"]
[BlackElo "2117"]
[Annotator "TA"]
[PlyCount "57"]
[EventDate "2024.03.28"]
[EventType "swiss"]
[EventCountry "GER"]
[SourceTitle "playchess.com"]
[Source "ChessBase"]
[SourceQuality "1"]

1. Nf3 d5 2. d4 Nf6 3. c4 e6 4. Nc3 dxc4 5. Qa4+ Nc6 6. Bg5 Be7 7. e4 O-O 8. Rd1 h6 9. Bxf6 Bxf6 10. e5 Be7 11. Bxc4 Bd7 12. Qc2 Nb4 13. Qe4 Bc6 14. d5 Nxd5 15. Nxd5 Bxd5 16. Bxd5 exd5 17. Rxd5 Bb4+ 18. Ke2 Qe7 19. Rhd1 Bc5 20. Nh4 Bb6 21. Nf5 Qe6 22. Qg4 g6 23. Nxh6+ Kg7 24. Qg5 c6 25. Ng4 Rh8 26. Qf6+ Qxf6 27. exf6+ Kf8 28. Rd7 Rb8 29. Ne5 1-0

[Event "GRENKE Chess Open 2024"]
[Site "Karlsruhe"]
[Date "2024.03.28"]
[Round "1.23"]
[White "Ramme, Christoph"]
[Black "Nasuta, Grzegorz"]
[Result "0-1"]
[WhiteElo "2117"]
[BlackElo "2552"]
[Annotator "TA"]
[PlyCount "118"]
[EventDate "2024.03.28"]
[EventType "swiss"]
[EventCountry "GER"]
[SourceTitle "playchess.com"]
[Source "ChessBase"]
[SourceQuality "1"]

1. d4 d5 2. c4 c6 3. cxd5 cxd5 4. Nc3 Nc6 5. Nf3 e6 6. Bf4 Bd6 7. Bxd6 Qxd6 8. e3 Nge7 9. Bd3 O-O 10. O-O f6 11. Qb3 Bd7 12. Rad1 Kh8 13. Bb1 Be8 14. Rfe1 Bh5 15. Bd3 Rac8 16. Be2 Na5 17. Nb5 Qb6 18. Qa3 Ng6 19. Nc3 Bxf3 20. Na4 Qc6 21. Bxf3 Nc4 22. Qb4 f5 23. Be2 a5 24. Qb3 b5 25. Nc5 e5 26. Qc3 f4 27. b3 fxe3 28. fxe3 b4 29. Qc1 Nxe3 30. Qxe3 exd4 31. Qxd4 Qxc5 32. Bf3 Qxd4+ 33. Rxd4 Rc2 34. Ra1 Nf4 35. a3 g5 36. axb4 axb4 37. Rxb4 g4 38. Bxd5 Nxd5 39. Rxg4 Rb2 40. Rg3 Nf4 41. Kh1 Rg8 42. Rxg8+ Kxg8 43. Rf1 Kh8 44. g3 Nd3 45. Kg1 Kg7 46. Ra1 Ne5 47. Ra7+ Kg6 48. Ra6+ Kg5 49. Ra5 Kf5 50. h4 Ke4 51. b4 Ng4 52. Ra3 Ne3 53. b5 h5 54. b6 Rxb6 55. Kh2 Rb2+ 56. Kh3 Nf1 57. Ra4+ Kd3 58. Ra3+ Kc4 59. g4 Rh2# 0-1

[Event "GRENKE Chess Open 2024"]
[Site "Karlsruhe"]
[Date "2024.03.28"]
[Round "1.24"]
[White "Engel, Luis"]
[Black "Heinatz, Gundula"]
[Result "1-0"]
[WhiteElo "2547"]
[BlackElo "2116"]
[Annotator "RC"]
[PlyCount "101"]
[EventDate "2024.03.28"]
[EventType "swiss"]
[EventCountry "GER"]
[SourceTitle "playchess.com"]
[Source "ChessBase"]
[SourceQuality "1"]

1. e4 c6 2. d4 d5 3. exd5 cxd5 4. c4 Nf6 5. Nc3 g6 6. cxd5 Bg7 7. Qb3 O-O 8. Be2 Nbd7 9. Bf3 Nb6 10. a4 e6 11. dxe6 Bxe6 12. Qd1 Nbd5 13. Nge2 Qd7 14. O-O Rad8 15. Bg5 h6 16. Bxf6 Nxf6 17. Qd3 a6 18. Rfd1 Bf5 19. Qc4 g5 20. Ng3 Bg6 21. h3 Rfe8 22. a5 Re7 23. Na4 h5 24. Nc5 Qc8 25. Qb3 h4 26. Nf1 Nh5 27. Bg4 Qb8 28. Qb4 Bf8 29. Ne3 Nf4 30. Rac1 Nd3 31. Nxd3 Rxe3 32. Nc5 Re7 33. Qd2 Bh6 34. Re1 Rxe1+ 35. Rxe1 Qc7 36. b4 Kh7 37. Qe3 b6 38. Ne4 bxa5 39. Nf6+ Kh8 40. Bh5 Bg7 41. Qxg5 Qd6 42. Bxg6 Qxf6 43. Qh5+ Kg8 44. Bh7+ Kh8 45. Bc2+ Kg8 46. bxa5 Rc8 47. Bb3 Rb8 48. Re3 Rf8 49. Rf3 Qh6 50. Bxf7+ Kh8 51. Rf5 1-0

[Event "GRENKE Chess Open 2024"]
[Site "Karlsruhe"]
[Date "2024.03.28"]
[Round "1.25"]
[White "Huber, Benedikt"]
[Black "Hong, Andrew"]
[Result "0-1"]
[WhiteElo "2247"]
[BlackElo "2542"]
[Annotator "TA"]
[PlyCount "82"]
[EventDate "2024.03.28"]
[EventType "swiss"]
[EventCountry "GER"]
[SourceTitle "playchess.com"]
[Source "ChessBase"]
[SourceQuality "1"]

1. Nf3 d5 2. g3 Nf6 3. Bg2 e6 4. c4 Be7 5. O-O O-O 6. d4 dxc4 7. Ne5 Nc6 8. Nxc6 bxc6 9. Bxc6 Rb8 10. Nc3 Nd5 11. Qa4 Rb6 12. a3 Bf6 13. Rd1 Ba6 14. Nxd5 exd5 15. Bf4 c3 16. bxc3 Bc4 17. Bxd5 Qxd5 18. e4 Qe6 19. Re1 Ra6 20. Qb4 Be7 21. Qb7 Bd6 22. d5 Qc8 23. Qxc8 Rxc8 24. Be3 c6 25. dxc6 Rcxc6 26. Reb1 h6 27. Rb7 Bc5 28. Bd4 Ra4 29. Rd1 Rxa3 30. h4 Be2 31. Bxc5 Rxc5 32. Rd8+ Kh7 33. Rxf7 Bh5 34. Re7 Bf3 35. g4 Rcxc3 36. g5 Rc1+ 37. Kh2 Rh1+ 38. Kg3 Bxe4+ 39. Kf4 Rxh4+ 40. Ke5 Ra5+ 41. Kd6 Rd5+ 0-1

[Event "GRENKE Chess Open 2024"]
[Site "Karlsruhe"]
[Date "2024.03.28"]
[Round "1.26"]
[White "Erdogmus, Yagiz Kaan"]
[Black "Stoettner, Moritz"]
[Result "1-0"]
[WhiteElo "2540"]
[BlackElo "2116"]
[Annotator "TA"]
[PlyCount "73"]
[EventDate "2024.03.28"]
[EventType "swiss"]
[EventCountry "GER"]
[SourceTitle "playchess.com"]
[Source "ChessBase"]
[SourceQuality "1"]

1. e4 c5 2. Nf3 d6 3. d4 cxd4 4. Nxd4 Nf6 5. Nc3 a6 6. h3 e5 7. Nde2 h5 8. g3 Be7 9. Bg2 b5 10. Nd5 Nxd5 11. Qxd5 Ra7 12. Be3 Rb7 13. g4 h4 14. Qd2 b4 15. O-O O-O 16. a3 a5 17. axb4 axb4 18. f4 Bd7 19. f5 Bc6 20. g5 Nd7 21. Kh2 Re8 22. Bf3 Nc5 23. f6 Bf8 24. Qe1 Bxe4 25. Qxh4 Bxf3 26. fxg7 Bxg7 27. Rxf3 Ne6 28. Ng3 Nf4 29. Ne4 Ng6 30. Qh5 d5 31. Nf6+ Bxf6 32. gxf6 e4 33. Rf4 Qd6 34. Ra6 Qf8 35. Rh4 Nxh4 36. Qxh4 Rc8 37. Ra1 1-0

[Event "GRENKE Chess Open 2024"]
[Site "Karlsruhe"]
[Date "2024.03.28"]
[Round "1.27"]
[White "Willim, Michael"]
[Black "Vavulin, Maxim"]
[Result "0-1"]
[WhiteElo "2116"]
[BlackElo "2538"]
[Annotator "TA"]
[PlyCount "68"]
[EventDate "2024.03.28"]
[EventType "swiss"]
[EventCountry "GER"]
[SourceTitle "playchess.com"]
[Source "ChessBase"]
[SourceQuality "1"]

1. d4 Nf6 2. c4 e6 3. Nf3 b6 4. g3 Ba6 5. b3 b5 6. cxb5 Bxb5 7. Bg2 d5 8. O-O Nbd7 9. Nc3 Ba6 10. Bg5 h6 11. Bxf6 Qxf6 12. Re1 Bb4 13. Qc2 O-O 14. a3 Bd6 15. e4 Qg6 16. Rec1 c6 17. Nd2 Nb6 18. f4 c5 19. f5 exf5 20. Nxd5 Nxd5 21. exd5 cxd4 22. Qc6 Bd3 23. Nc4 Bxc4 24. Rxc4 d3 25. Rd1 Rae8 26. Bf1 f4 27. Bxd3 Qh5 28. Rf1 fxg3 29. hxg3 Bxg3 30. Rc2 Re3 31. Bc4 Be5 32. Qc5 Rg3+ 33. Rg2 Rxg2+ 34. Kxg2 Qg4+ 0-1

[Event "GRENKE Chess Open 2024"]
[Site "Karlsruhe"]
[Date "2024.03.28"]
[Round "1.28"]
[White "Horvath, Dominik"]
[Black "Henrich, Thomas"]
[Result "1-0"]
[WhiteElo "2534"]
[BlackElo "2115"]
[Annotator "TA"]
[PlyCount "79"]
[EventDate "2024.03.28"]
[EventType "swiss"]
[EventCountry "GER"]
[SourceTitle "playchess.com"]
[Source "ChessBase"]
[SourceQuality "1"]

1. Nf3 Nf6 2. c4 g6 3. Nc3 Bg7 4. e4 d6 5. d4 O-O 6. Be2 Nbd7 7. O-O e5 8. Be3 c6 9. d5 c5 10. Ne1 Qe7 11. Kh1 Kh8 12. Rg1 Ng8 13. g4 f6 14. Qd2 Rf7 15. a3 Nf8 16. b4 b6 17. Nf3 h6 18. Ne1 g5 19. Bd1 Ng6 20. Ne2 Nf4 21. Ng3 cxb4 22. axb4 Qc7 23. Rc1 Bf8 24. Nd3 a5 25. c5 Nxd3 26. Qxd3 dxc5 27. bxc5 Bxc5 28. Bxc5 bxc5 29. d6 Qa7 30. Bb3 Rh7 31. Qf3 a4 32. Ba2 Qd7 33. Nf5 Qd8 34. Rgd1 Bxf5 35. Qxf5 Rd7 36. Qe6 Rc8 37. Rd5 Kg7 38. Rdxc5 Rxc5 39. Rxc5 h5 40. Rc7 1-0

[Event "GRENKE Chess Open 2024"]
[Site "Karlsruhe"]
[Date "2024.03.28"]
[Round "1.29"]
[White "Stijve, Niels"]
[Black "Kozul, Zdenko"]
[Result "0-1"]
[WhiteElo "2115"]
[BlackElo "2529"]
[Annotator "TA"]
[PlyCount "74"]
[EventDate "2024.03.28"]
[EventType "swiss"]
[EventCountry "GER"]
[SourceTitle "playchess.com"]
[Source "ChessBase"]
[SourceQuality "1"]

1. e4 c5 2. Nf3 d6 3. d4 cxd4 4. Nxd4 Nf6 5. Nc3 Nc6 6. f3 e5 7. Nb3 Be7 8. Be3 Be6 9. Qd2 d5 10. exd5 Nxd5 11. Nxd5 Qxd5 12. O-O-O Qxd2+ 13. Rxd2 Rc8 14. Bb5 Ra8 15. Bf1 Rc8 16. Bb5 O-O 17. Rhd1 b6 18. Kb1 h5 19. Nc1 Rc7 20. Ne2 Rfc8 21. a3 Na5 22. Bd7 Nc4 23. Bxc8 Nxd2+ 24. Rxd2 Rxc8 25. Ng3 f5 26. f4 Rc4 27. Ne2 Re4 28. Bf2 exf4 29. Nc3 Re5 30. h4 Kf7 31. Rd3 g5 32. hxg5 Bxg5 33. b4 Bc4 34. Rd6 Bf1 35. g3 fxg3 36. Bxg3 Re3 37. Rd7+ Ke8 0-1

[Event "GRENKE Chess Open 2024"]
[Site "Karlsruhe"]
[Date "2024.03.28"]
[Round "1.30"]
[White "Noe, Christopher"]
[Black "Lang, Daniel"]
[Result "1-0"]
[WhiteElo "2527"]
[BlackElo "2114"]
[Annotator "TA"]
[PlyCount "89"]
[EventDate "2024.03.28"]
[EventType "swiss"]
[EventCountry "GER"]
[SourceTitle "playchess.com"]
[Source "ChessBase"]
[SourceQuality "1"]

1. d4 d5 2. c4 e6 3. Nf3 c6 4. Nbd2 Nf6 5. e3 Nbd7 6. b3 Be7 7. Bb2 O-O 8. Bd3 b6 9. O-O Bb7 10. Qe2 Rc8 11. Rac1 Rc7 12. Rfd1 Qb8 13. e4 dxe4 14. Nxe4 Nxe4 15. Qxe4 g6 16. Qf4 Re8 17. h4 Rcc8 18. Qd2 Rcd8 19. h5 Bf6 20. hxg6 hxg6 21. Qh6 Bg7 22. Qh4 c5 23. Ng5 Nf8 24. Be4 f6 25. Bxb7 fxg5 26. Qe4 Qf4 27. Qe2 Bxd4 28. Bxd4 Rxd4 29. g3 Qd6 30. Rxd4 cxd4 31. Qd2 Qe7 32. Be4 e5 33. b4 Rc8 34. c5 bxc5 35. bxc5 Rxc5 36. Rb1 Kg7 37. Rb8 Rc7 38. Qa5 Qd6 39. Kg2 Nd7 40. Rd8 Kh7 41. Qe1 Qf6 42. Qh1+ Kg7 43. Qh8+ Kf7 44. Qg8+ Ke7 45. Re8+ 1-0

[Event "GRENKE Chess Open 2024"]
[Site "Karlsruhe"]
[Date "2024.03.28"]
[Round "1.31"]
[White "Dumbelovic, Novak"]
[Black "Gavrilescu, David"]
[Result "0-1"]
[WhiteElo "2113"]
[BlackElo "2524"]
[Annotator "TA"]
[PlyCount "62"]
[EventDate "2024.03.28"]
[EventType "swiss"]
[EventCountry "GER"]
[SourceTitle "playchess.com"]
[Source "ChessBase"]
[SourceQuality "1"]

1. e4 c5 2. Nf3 e6 3. d4 cxd4 4. Nxd4 Nf6 5. Nc3 Nc6 6. Nxc6 bxc6 7. Bd3 e5 8. O-O Bc5 9. Qe2 O-O 10. Na4 Be7 11. b3 d6 12. Bd2 Bg4 13. f3 Be6 14. Rae1 Nh5 15. g3 Nf6 16. Nb2 Re8 17. Nd1 Bh3 18. Rf2 d5 19. c4 dxe4 20. Bxe4 Nxe4 21. fxe4 Qd7 22. Nb2 Rad8 23. Be3 Bb4 24. Rd1 Qe6 25. Rd3 Qg6 26. Qc2 h5 27. Bd2 Ba3 28. Re2 h4 29. Kf2 Bxb2 30. Rxd8 Qf6+ 31. Ke3 Bd4+ 0-1

[Event "GRENKE Chess Open 2024"]
[Site "Karlsruhe"]
[Date "2024.03.28"]
[Round "1.32"]
[White "Vogel, Roven"]
[Black "Gremmel, Jonas Simon"]
[Result "1-0"]
[WhiteElo "2521"]
[BlackElo "2113"]
[Annotator "TA"]
[PlyCount "41"]
[EventDate "2024.03.28"]
[EventType "swiss"]
[EventCountry "GER"]
[SourceTitle "playchess.com"]
[Source "ChessBase"]
[SourceQuality "1"]

1. Nf3 d5 2. e3 Nf6 3. c4 e6 4. b3 Bd6 5. Bb2 O-O 6. Nc3 b6 7. cxd5 Nxd5 8. Qc2 Be7 9. h4 h6 10. g4 Bb7 11. Nxd5 Bxd5 12. e4 Bb7 13. g5 h5 14. Qc3 f6 15. Nd4 Bxe4 16. Nxe6 Qd6 17. Nxf8 Bxh1 18. Ng6 Qe6+ 19. Be2 Nd7 20. Qc4 Kf7 21. Nh8+ 1-0

[Event "GRENKE Chess Open 2024"]
[Site "Karlsruhe"]
[Date "2024.03.28"]
[Round "1.33"]
[White "Knoblauch, Leonhard"]
[Black "Parkhov, Yair"]
[Result "0-1"]
[WhiteElo "2113"]
[BlackElo "2518"]
[Annotator "TA"]
[PlyCount "46"]
[EventDate "2024.03.28"]
[EventType "swiss"]
[EventCountry "GER"]
[SourceTitle "playchess.com"]
[Source "ChessBase"]
[SourceQuality "1"]

1. e4 c5 2. Nf3 d6 3. d4 cxd4 4. Nxd4 Nf6 5. Nc3 Bd7 6. Be2 Nc6 7. O-O g6 8. Be3 Bg7 9. Qd2 O-O 10. f4 Rc8 11. Nb3 a6 12. h3 b5 13. Bf3 Be6 14. Nd5 Nd7 15. c3 Bxd5 16. exd5 Na5 17. Qf2 Nxb3 18. axb3 a5 19. Bg4 Ra8 20. b4 Nf6 21. Bb6 Nxg4 22. hxg4 Qd7 23. f5 axb4 0-1

[Event "GRENKE Chess Open 2024"]
[Site "Karlsruhe"]
[Date "2024.03.28"]
[Round "1.34"]
[White "Schlosser, Philipp"]
[Black "Quante, Lennart"]
[Result "1-0"]
[WhiteElo "2511"]
[BlackElo "2113"]
[Annotator "TA"]
[PlyCount "43"]
[EventDate "2024.03.28"]
[EventType "swiss"]
[EventCountry "GER"]
[SourceTitle "playchess.com"]
[Source "ChessBase"]
[SourceQuality "1"]

1. c4 g6 2. d4 Nf6 3. Nf3 Bg7 4. e3 O-O 5. Be2 b6 6. O-O Bb7 7. Nc3 Ne4 8. Nxe4 Bxe4 9. d5 e6 10. Nd4 exd5 11. f3 c5 12. Nb5 a6 13. Na3 dxc4 14. fxe4 b5 15. Nb1 Nc6 16. Nc3 Be5 17. Nd5 Qh4 18. Nf4 d6 19. Rb1 g5 20. g3 Qh6 21. Nd5 Qg6 22. Bg4 1-0

[Event "GRENKE Chess Open 2024"]
[Site "Karlsruhe"]
[Date "2024.03.28"]
[Round "1.35"]
[White "Schmidt, Markus"]
[Black "Tiglon, Bryce"]
[Result "0-1"]
[WhiteElo "2113"]
[BlackElo "2509"]
[Annotator "TA"]
[PlyCount "78"]
[EventDate "2024.03.28"]
[EventType "swiss"]
[EventCountry "GER"]
[SourceTitle "playchess.com"]
[Source "ChessBase"]
[SourceQuality "1"]

1. e4 e6 2. d4 d5 3. e5 c5 4. c3 Nc6 5. Nf3 Qb6 6. Bd3 cxd4 7. O-O Bd7 8. Re1 Nge7 9. h4 h6 10. h5 a6 11. Nbd2 dxc3 12. bxc3 Qc7 13. Nb3 Nc8 14. Bf4 Na5 15. Nxa5 Qxa5 16. Qd2 Nb6 17. Rab1 Rc8 18. Qe2 Na4 19. Bd2 Qc7 20. Qe3 b5 21. Rbc1 Nb2 22. Nd4 Nxd3 23. Qxd3 Qc4 24. Qg3 Qxa2 25. Be3 Qc4 26. f4 Qd3 27. f5 Rxc3 28. Rxc3 Qxc3 29. fxe6 Bxe6 30. Rc1 Qd3 31. Nxe6 fxe6 32. Rc8+ Kd7 33. Rd8+ Kc6 34. Kh2 Qf5 35. Qh4 Be7 36. Qxe7 Rxd8 37. Qxd8 Qxe5+ 38. Kh1 Qxe3 39. Qc8+ Kb6 0-1

[Event "GRENKE Chess Open 2024"]
[Site "Karlsruhe"]
[Date "2024.03.28"]
[Round "1.37"]
[White "Koellner, Aaron Noah"]
[Black "Gharibyan, Mamikon"]
[Result "0-1"]
[WhiteElo "2110"]
[BlackElo "2499"]
[Annotator "TA"]
[PlyCount "48"]
[EventDate "2024.03.28"]
[EventType "swiss"]
[EventCountry "GER"]
[SourceTitle "playchess.com"]
[Source "ChessBase"]
[SourceQuality "1"]

1. d4 d5 2. Nf3 Nf6 3. e3 c5 4. Nbd2 Nc6 5. dxc5 e6 6. a3 a5 7. b3 Bxc5 8. Bb2 O-O 9. Bd3 Re8 10. c4 d4 11. exd4 e5 12. O-O Nxd4 13. b4 axb4 14. axb4 Rxa1 15. Bxa1 Bxb4 16. Nxe5 Rxe5 17. Nb3 Rg5 18. h4 Bg4 19. Qb1 Nf3+ 20. gxf3 Bxf3+ 21. hxg5 Ne4 22. Be5 Qxg5+ 23. Bg3 Qh5 24. Bh2 Qh3 0-1

[Event "GRENKE Chess Open 2024"]
[Site "Karlsruhe"]
[Date "2024.03.28"]
[Round "1.38"]
[White "Costa, Leonardo"]
[Black "Toepfer, Albrecht"]
[Result "1-0"]
[WhiteElo "2479"]
[BlackElo "2109"]
[Annotator "TA"]
[PlyCount "67"]
[EventDate "2024.03.28"]
[EventType "swiss"]
[EventCountry "GER"]
[SourceTitle "playchess.com"]
[Source "ChessBase"]
[SourceQuality "1"]

1. e4 d6 2. d4 Nf6 3. Nc3 e5 4. dxe5 dxe5 5. Qxd8+ Kxd8 6. Bc4 Bb4 7. Bxf7 Rf8 8. Bb3 Nxe4 9. Nge2 Nc6 10. O-O Nc5 11. Bd5 Ne7 12. Be3 c6 13. Bc4 Ne6 14. a3 Ba5 15. Ne4 Nf5 16. N2g3 Kc7 17. Nxf5 Rxf5 18. Rad1 Bd7 19. Nd6 Rff8 20. Nxb7 Bb6 21. Nd6 Nd4 22. c3 Nf5 23. Nxf5 Bxf5 24. Rfe1 Rae8 25. h3 h6 26. Rd2 Be6 27. Bxe6 Rxe6 28. Kf1 Rf7 29. a4 g5 30. b3 Re8 31. Bxb6+ axb6 32. Re3 Rf4 33. Ke2 e4 34. Ke1 1-0

[Event "GRENKE Chess Open 2024"]
[Site "Karlsruhe"]
[Date "2024.03.28"]
[Round "1.39"]
[White "Lorscheid, Gerhard"]
[Black "Dann, Matthias"]
[Result "1/2-1/2"]
[WhiteElo "2108"]
[BlackElo "2476"]
[Annotator "TA"]
[PlyCount "68"]
[EventDate "2024.03.28"]
[EventType "swiss"]
[EventCountry "GER"]
[SourceTitle "playchess.com"]
[Source "ChessBase"]
[SourceQuality "1"]

1. Nf3 Nf6 2. c4 e6 3. b3 b6 4. g3 Bb7 5. Bg2 Be7 6. O-O O-O 7. Bb2 a5 8. d3 d5 9. Ne5 Nbd7 10. a3 c5 11. Nd2 Nxe5 12. Bxe5 a4 13. bxa4 Bc6 14. Qc2 Nd7 15. Bc3 Rxa4 16. cxd5 exd5 17. Bxd5 Qa8 18. Bf3 Bxf3 19. Nxf3 Qc6 20. Qb2 g6 21. Qb3 Rfa8 22. Ne5 Nxe5 23. Bxe5 R8a6 24. Bb2 Bf6 25. Rfc1 h5 26. Ra2 h4 27. Bxf6 h3 28. f3 Qxf6 29. Rc4 Qe6 30. Kf2 R4a5 31. Qc3 Ra4 32. Qb3 R4a5 33. Qc3 Ra4 34. Ke1 Kf8 1/2-1/2

[Event "GRENKE Chess Open 2024"]
[Site "Karlsruhe"]
[Date "2024.03.28"]
[Round "1.40"]
[White "Feuerstack, Aljoscha"]
[Black "Raka, Ramadan"]
[Result "1-0"]
[WhiteElo "2471"]
[BlackElo "2108"]
[Annotator "TA"]
[PlyCount "69"]
[EventDate "2024.03.28"]
[EventType "swiss"]
[EventCountry "GER"]
[SourceTitle "playchess.com"]
[Source "ChessBase"]
[SourceQuality "1"]

1. e4 e6 2. d4 d5 3. Nd2 Nf6 4. e5 Nfd7 5. Bd3 c5 6. c3 Nc6 7. Ngf3 a6 8. O-O c4 9. Bc2 b5 10. Re1 Nb6 11. Nf1 Bd7 12. Ng5 g6 13. Qf3 Qe7 14. h4 b4 15. Nh2 Bg7 16. h5 O-O-O 17. Nxf7 Rdf8 18. Nd6+ Kc7 19. Qg3 h6 20. hxg6 a5 21. Nf7 Kb7 22. Nxh8 Rxh8 23. f4 a4 24. Qh3 Nd8 25. g4 a3 26. bxa3 bxc3 27. Rb1 Nc6 28. Qxc3 h5 29. g5 Rf8 30. a4 Ra8 31. Ba3 Qe8 32. Bc5 Ra6 33. a5 Nxa5 34. Bxb6 Rxb6 35. Qxa5 1-0

[Event "GRENKE Chess Open 2024"]
[Site "Karlsruhe"]
[Date "2024.03.28"]
[Round "1.41"]
[White "Sieglen, Joachim"]
[Black "Kramer, Julian"]
[Result "1/2-1/2"]
[WhiteElo "2107"]
[BlackElo "2469"]
[Annotator "TA"]
[PlyCount "126"]
[EventDate "2024.03.28"]
[EventType "swiss"]
[EventCountry "GER"]
[SourceTitle "playchess.com"]
[Source "ChessBase"]
[SourceQuality "1"]

1. d4 Nf6 2. c4 g6 3. Nc3 d5 4. Nf3 Bg7 5. cxd5 Nxd5 6. e4 Nxc3 7. bxc3 c5 8. Be3 Qa5 9. Qd2 Nc6 10. Rc1 cxd4 11. cxd4 Qxd2+ 12. Kxd2 O-O 13. Bb5 Rd8 14. Bxc6 bxc6 15. Rc5 f6 16. Rb1 Rd7 17. Ke1 Rb7 18. Rxb7 Bxb7 19. Nd2 Bf8 20. Nb3 Rb8 21. Rc2 e6 22. f3 Ba8 23. Kf2 Rb5 24. Nc5 Kf7 25. Ke2 Bd6 26. h3 Ke7 27. Kd3 Rb1 28. Rc1 Rb2 29. Rc2 Rb5 30. Rc1 Ra5 31. Rc2 Bxc5 32. dxc5 Bb7 33. Ke2 e5 34. Kf2 Ba6 35. Rb2 Ke6 36. Rd2 Ke7 37. Rb2 Bc4 38. Bd2 Ra4 39. g4 g5 40. Be3 h6 41. h4 Kf8 42. h5 Bxa2 43. Rb8+ Kg7 44. Rb7+ Bf7 45. Rc7 Ra6 46. Kg3 Kf8 47. Rc8+ Be8 48. Rc7 Ra2 49. Bf2 a5 50. Be1 a4 51. Ra7 Bf7 52. Ra8+ Ke7 53. Ra7+ Ke6 54. Ba5 Be8 55. Bd8 Bd7 56. Bxf6 Kxf6 57. Rxd7 a3 58. Rd6+ Kf7 59. Rxh6 Ra1 60. Rh7+ Kg8 61. Ra7 Kh8 62. Kg2 Kg8 63. Kg3 Kh8 1/2-1/2

[Event "GRENKE Chess Open 2024"]
[Site "Karlsruhe"]
[Date "2024.03.28"]
[Round "1.42"]
[White "Efroimski, Marsel"]
[Black "Kurt, Sascha"]
[Result "1/2-1/2"]
[WhiteElo "2467"]
[BlackElo "2106"]
[Annotator "TA"]
[PlyCount "54"]
[EventDate "2024.03.28"]
[EventType "swiss"]
[EventCountry "GER"]
[SourceTitle "playchess.com"]
[Source "ChessBase"]
[SourceQuality "1"]

1. e4 c5 2. Nf3 d6 3. d4 cxd4 4. Nxd4 Nf6 5. Nc3 e6 6. g4 h6 7. h3 Nc6 8. Bg2 Bd7 9. Be3 Be7 10. Qe2 Nxd4 11. Bxd4 e5 12. Be3 O-O 13. O-O-O b5 14. f4 b4 15. Nd5 Nxd5 16. exd5 exf4 17. Bxf4 Bg5 18. Qd2 Bxf4 19. Qxf4 Qg5 20. Qxg5 hxg5 21. Rd4 a5 22. Re1 Rfe8 23. Rde4 Rxe4 24. Rxe4 Re8 25. Kd2 Rxe4 26. Bxe4 g6 27. c4 bxc3+ 1/2-1/2

[Event "GRENKE Chess Open 2024"]
[Site "Karlsruhe"]
[Date "2024.03.28"]
[Round "1.43"]
[White "Varney, Zoe"]
[Black "Ghimpu, Samuel-Timotei"]
[Result "0-1"]
[WhiteElo "2105"]
[BlackElo "2467"]
[Annotator "TA"]
[PlyCount "62"]
[EventDate "2024.03.28"]
[EventType "swiss"]
[EventCountry "GER"]
[SourceTitle "playchess.com"]
[Source "ChessBase"]
[SourceQuality "1"]

1. Nf3 d5 2. g3 c5 3. Bg2 Nf6 4. O-O e6 5. c4 d4 6. d3 Nc6 7. e4 e5 8. Na3 Be7 9. Nc2 h5 10. b4 cxb4 11. a3 bxa3 12. Bxa3 Bg4 13. Qb1 Qc7 14. Qb3 Bxf3 15. Bxf3 Nd7 16. Rfb1 b6 17. h4 g6 18. Bg2 Bxa3 19. Rxa3 Kf8 20. Qb5 Kg7 21. f4 Nc5 22. fxe5 Rab8 23. Qb2 Qxe5 24. Kh2 g5 25. Kh3 gxh4 26. gxh4 Rbg8 27. Rf1 Kf8 28. Rf3 Rg6 29. Rxa7 Nxa7 30. Nxd4 Rhg8 31. Qf2 Rxg2 0-1

[Event "GRENKE Chess Open 2024"]
[Site "Karlsruhe"]
[Date "2024.03.28"]
[Round "1.44"]
[White "Bazakutsa, Svyatoslav"]
[Black "Kwiatkowski, Jakub"]
[Result "1-0"]
[WhiteElo "2462"]
[BlackElo "2105"]
[Annotator "TA"]
[PlyCount "63"]
[EventDate "2024.03.28"]
[EventType "swiss"]
[EventCountry "GER"]
[SourceTitle "playchess.com"]
[Source "ChessBase"]
[SourceQuality "1"]

1. c4 Nf6 2. Nc3 e6 3. e4 c5 4. e5 Ng8 5. d4 cxd4 6. Qxd4 Nc6 7. Qf4 d6 8. Nf3 dxe5 9. Nxe5 Nf6 10. Nxc6 bxc6 11. Qg3 Bc5 12. Be2 O-O 13. O-O Bd6 14. Bf4 Bxf4 15. Qxf4 Qe7 16. Bf3 e5 17. Rfe1 Re8 18. Qe3 Bd7 19. Rad1 Rab8 20. b3 a5 21. c5 Rb4 22. h3 h6 23. Rd6 e4 24. Be2 Ra8 25. Bc4 Ne8 26. Rd4 Nc7 27. Nxe4 Be6 28. Nd6 Qf6 29. Rf4 Nd5 30. Rxf6 Nxe3 31. Rxe6 Nd5 32. Rf6 1-0

[Event "GRENKE Chess Open 2024"]
[Site "Karlsruhe"]
[Date "2024.03.28"]
[Round "1.45"]
[White "Schaffarczyk, Andre"]
[Black "Schneider, Ilja"]
[Result "0-1"]
[WhiteElo "2102"]
[BlackElo "2460"]
[Annotator "TA"]
[PlyCount "44"]
[EventDate "2024.03.28"]
[EventType "swiss"]
[EventCountry "GER"]
[SourceTitle "playchess.com"]
[Source "ChessBase"]
[SourceQuality "1"]

1. e4 e5 2. Nf3 Nc6 3. d4 exd4 4. Bc4 Bc5 5. Ng5 Nh6 6. Nxf7 Nxf7 7. Bxf7+ Kxf7 8. Qh5+ g6 9. Qxc5 d5 10. c3 dxe4 11. O-O Qd6 12. Qg5 h6 13. Qh4 Bf5 14. cxd4 Nxd4 15. Nc3 g5 16. Qh5+ Qg6 17. Qd1 Rhd8 18. Qa4 Qc6 19. Qa5 b6 20. Qe5 Rd7 21. Kh1 Re8 22. Qg3 Qd6 0-1

[Event "GRENKE Chess Open 2024"]
[Site "Karlsruhe"]
[Date "2024.03.28"]
[Round "1.46"]
[White "Krastev, Alexander"]
[Black "Thomsen, Phil"]
[Result "1-0"]
[WhiteElo "2457"]
[BlackElo "2102"]
[Annotator "TA"]
[PlyCount "91"]
[EventDate "2024.03.28"]
[EventType "swiss"]
[EventCountry "GER"]
[SourceTitle "playchess.com"]
[Source "ChessBase"]
[SourceQuality "1"]

1. e4 e6 2. d3 d5 3. Qe2 Nf6 4. Nf3 c5 5. g3 Nc6 6. Bg2 Be7 7. O-O h6 8. e5 Nh7 9. c4 O-O 10. Nc3 a6 11. h4 Rb8 12. Bf4 Nd4 13. Nxd4 cxd4 14. cxd5 dxc3 15. d6 cxb2 16. Qxb2 Bxh4 17. gxh4 Qxh4 18. Bg3 Qg4 19. Rfc1 b5 20. Rc7 Rd8 21. Re1 Nf8 22. Qe2 Qxe2 23. Rxe2 Nd7 24. f4 Nb6 25. Bh4 f6 26. Rxg7+ Kxg7 27. Bxf6+ Kf7 28. Bxd8 Nd5 29. Bxd5 exd5 30. Bc7 Ra8 31. f5 Bxf5 32. Rf2 Ke6 33. Rxf5 Kxf5 34. d7 Ke6 35. d8=Q Rxd8 36. Bxd8 Kxe5 37. Bb6 h5 38. Kf2 h4 39. Ke3 h3 40. Bc7+ Ke6 41. Kf3 Kd7 42. Be5 Ke6 43. Bd4 Kf5 44. Kg3 b4 45. Kxh3 Kf4 46. Kg2 1-0